Možnosti využívania elektronických systémov v rezorte kultúry účastníkmi cestovného ruchu na Slovensku

Elektronické systémy v rezorte kultúry. Komunikácia prostredníctvom internetu a využívanie elektronických systémov v rezorte kultúry účastníkmi cestovného ruchu. Online rezervačné a predajné portály a ich využitie.

Guardado en:
Detalles Bibliográficos
Autor principal: Litomerický, Juraj
Formato: Capítulo de libro
Lenguaje:eslovaco
Materias:
Etiquetas: Agregar Etiqueta
Sin Etiquetas, Sea el primero en etiquetar este registro!

MARC

LEADER 00000nla$a2200000$$$4500
001 0120616
005 20240502072347.6
041 0 |a slo 
044 |a SK 
245 1 0 |a Možnosti využívania elektronických systémov v rezorte kultúry účastníkmi cestovného ruchu na Slovensku  |c Juraj Litomerický 
520 |a Elektronické systémy v rezorte kultúry. Komunikácia prostredníctvom internetu a využívanie elektronických systémov v rezorte kultúry účastníkmi cestovného ruchu. Online rezervačné a predajné portály a ich využitie. 
610 2 0 |a Slovensko 
610 2 0 |a ruch cestovný 
610 2 0 |a technológie informačné 
610 2 0 |a technológie komunikačné 
610 2 0 |a komunikácia elektronická 
610 2 0 |a systémy rezervačné 
610 2 0 |a služby doplnkové 
610 2 0 |a kultúra 
610 2 0 |a umenie 
100 1 |a Litomerický, Juraj